000 00702nam a2200217 a 4500
005 20260209212714.0
008 250222s2025 000 0 eng d
020 _a978-958-508406-3
040 _aCO-CtgCURN
_bspa
_ccoctgcurn
082 0 4 _a371.102
_bB412
100 1 _aBedoya Madrid, José Iván.
245 1 0 _aEpistemología y pedagogía :
_bParadigmas de la pedagogía en la educación /
_cJosé Iván Bedoya Madrid.
250 _aoctava edición.
260 _aBogotá :
_bEcoe Ediciones,
_c2025.
300 _a245 páginas.
650 4 _aPedagogía.
650 4 _aTeoría del conocimiento.
650 4 _aFilosofía de la educación.
906 _aBOOK
999 _c50300
_d50300